Pierre Duviols, ed., Procesos y Visitas de Idolatrías, Cajatambo Siglo xvii, Lima, Institut français d’études andines – Fondo editorial de la Pontificia Universidad Católica del Perú, 2003, 882 p. («Clásicos Peruanos») (notice n° 1645988)
[ vue normale ]
| 000 -LEADER | |
|---|---|
| fixed length control field | 00642cam a2200145 4500500 |
| 005 - DATE AND TIME OF LATEST TRANSACTION | |
| control field | 20260208002352.0 |
| 041 ## - LANGUAGE CODE | |
| Language code of text/sound track or separate title | fre |
| 042 ## - AUTHENTICATION CODE | |
| Authentication code | dc |
| 100 10 - MAIN ENTRY--PERSONAL NAME | |
| Personal name | Robin, Valérie |
| Relator term | author |
| 245 00 - TITLE STATEMENT | |
| Title | Pierre Duviols, ed., Procesos y Visitas de Idolatrías, Cajatambo Siglo xvii, Lima, Institut français d’études andines – Fondo editorial de la Pontificia Universidad Católica del Perú, 2003, 882 p. («Clásicos Peruanos») |
| 260 ## - PUBLICATION, DISTRIBUTION, ETC. | |
| Date of publication, distribution, etc. | 2005.<br/> |
| 500 ## - GENERAL NOTE | |
| General note | 9 |
| 786 0# - DATA SOURCE ENTRY | |
| Note | L'Homme | 175-176 | 3 | 2005-07-01 | p. 475t-572t | 0439-4216 |
| 856 41 - ELECTRONIC LOCATION AND ACCESS | |
| Uniform Resource Identifier | <a href="https://shs.cairn.info/revue-l-homme-2005-3-page-475t?lang=fr&redirect-ssocas=7080">https://shs.cairn.info/revue-l-homme-2005-3-page-475t?lang=fr&redirect-ssocas=7080</a> |
Pas d'exemplaire disponible.




Réseaux sociaux